000 00575cab a2200229 4500
001 WB2602-03
008 090401t1990 xxu||||| |||| 00| 0 eng d
035 _a(Sirsi) u52144
041 _aeng
245 _aRemote control of homes
260 _c1990
350 _a0
490 _aFinancial Times
_v10/1/90 p11(2)
520 _aReports on the feasibility of an automated house.
650 _aAUTOMATION
650 _aHOUSES
650 _aINTELLIGENT BUILDINGS
650 _aINTELLIGENT HOMES
690 _aBUILT ENVIRONMENT
942 _n0
948 _c04/03/1997
999 _c32347
_d32347